Private sector renewal (Record no. 65083)

MARC details
000 -LEADER
fixed length control field 01111cam a2200253 4500
001 - CONTROL NUMBER
control field ABS63026
008 - FIXED-LENGTH DATA ELEMENTS--GENERAL INFORMATION
fixed length control field 000000n2000 000 0 eng u
035 ## - SYSTEM CONTROL NUMBER
System control number (Sirsi) u108983
100 ## - MAIN ENTRY--PERSONAL NAME
Personal name Wagstaff, J.
245 ## - TITLE STATEMENT
Title Private sector renewal
260 ## - PUBLICATION, DISTRIBUTION, ETC.
Date of publication, distribution, etc. 2000
490 ## - SERIES STATEMENT
Series statement Housing
Volume/sequential designation October 2000, 43(1)
520 ## - SUMMARY, ETC.
Summary, etc. Concern over the quality of housing has been rising in recent years. Due to changing definitions and problems with measuring the likely cost of repairs, it is difficult to assess what has been happening with disrepair. However, it has been estimated that in 1996, 20% of private sector dwellings needed £3,000 or more to tackle outstanding repairs, while 10% would need £5,000 or more. Looks at who is affected, standards and definitions, current remedies and funding changes.
590 ## - LOCAL NOTE (RLIN)
Local note ABS
650 ## - SUBJECT ADDED ENTRY--TOPICAL TERM
Topical term or geographic name entry element PRIVATE SECTOR HOUSING
650 ## - SUBJECT ADDED ENTRY--TOPICAL TERM
Topical term or geographic name entry element UNFIT HOUSES
650 ## - SUBJECT ADDED ENTRY--TOPICAL TERM
Topical term or geographic name entry element FITNESS STANDARDS
650 ## - SUBJECT ADDED ENTRY--TOPICAL TERM
Topical term or geographic name entry element DISREPAIR
650 ## - SUBJECT ADDED ENTRY--TOPICAL TERM
Topical term or geographic name entry element PRIVATE SECTOR RENEWAL SUPPORT GRANT
650 ## - SUBJECT ADDED ENTRY--TOPICAL TERM
Topical term or geographic name entry element GRANTS
650 ## - SUBJECT ADDED ENTRY--TOPICAL TERM
Topical term or geographic name entry element HOUSING GREEN PAPER
690 ## - LOCAL SUBJECT ADDED ENTRY--TOPICAL TERM (OCLC, RLIN)
Topical term or geographic name as entry element HOUSING-OWNER OCCUPIED
942 ## - ADDED ENTRY ELEMENTS (KOHA)
Suppress in OPAC 0
Holdings
Withdrawn status Lost status Source of classification or shelving scheme Damaged status Not for loan Home library Current library Shelving location Date acquired Total Checkouts Full call number Barcode Date last seen Copy number Price effective from Koha item type
    Dewey Decimal Classification     London London Journal article 26/10/2000   ABS63026 108983-1001 06/08/2019 1 06/08/2019 Journal article